| 000 | 00810nam a2200265 a 4500 | ||
|---|---|---|---|
| 001 | 46415 | ||
| 003 | BD-RjUL | ||
| 005 | 20211209054141.0 | ||
| 008 | 160802s1953 enk 000 0 eng d | ||
| 035 | _a(BD-RjUL)46533 | ||
| 040 |
_aBD-RjUL _beng _cBD-RjUL |
||
| 041 | _aeng | ||
| 082 |
_a342.4102 _223 _bWHS 1953 |
||
| 100 | 1 |
_aWheare, K. C. _q(Kenneth Clinton), _d1907- _9139841 |
|
| 245 | 1 | 4 |
_aThe Statute of Westminster and dominion status / _cK. C.Wheare. |
| 250 | _a5th ed | ||
| 260 |
_aOxford University Press : _bLondon, _c1953 |
||
| 300 |
_axvi,357 p. ; _c19 cm |
||
| 500 | _aPrevious ed. 1949 | ||
| 504 | _aIncludes Index | ||
| 650 | 0 |
_aImperial federation _9129084 |
|
| 651 | 0 |
_aGreat Britain _xColonies _xConstitution _9141699 |
|
| 651 | 0 |
_aGreat Britain _xConstitution _9141700 |
|
| 942 |
_2ddc _cBK |
||
| 999 |
_c46415 _d46415 |
||